[Event "C.to Italiano Semifinale"]
[Site "Limone Piemonte ITA"]
[Date "2001.06.26"]
[Round "3"]
[White "Martorelli, Antonio"]
[Black "Parrella, Alfredo"]
[Result "1-0"]
[WhiteElo "2315"]
[BlackElo "2174"]
[PlyCount "99"]
[EventDate "2001.06.24"]

1. e4 c5 2. Nf3 e6 3. d3 Nc6 4. g3 d6 5. Bg2 Nf6 6. O-O Be7 7. c3 e5 8. d4 O-O
9. Nbd2 Qc7 10. b3 b6 11. Bb2 Re8 12. Re1 Bd7 13. Nc4 Rad8 14. Ne3 Qc8 15. Nd5
Bg4 16. Rc1 h6 17. Qd3 Nh7 18. Qf1 Bf6 19. h3 Bd7 20. Kh2 Qb8 21. Rcd1 Ne7 22.
Ne3 Bc6 23. Ng4 Ng6 24. Ng1 Qc8 25. f3 Bd7 26. Nxf6+ Nxf6 27. h4 Qc7 28. Bh3
Bc6 29. d5 Bb7 30. c4 Bc8 31. Ne2 Qe7 32. Nc3 Nh5 33. Bc1 Nxg3 34. Kxg3 Qxh4+
35. Kh2 Nf4 36. Bxf4 Qxf4+ 37. Kg1 Qg5+ 38. Bg2 h5 39. Qf2 h4 40. Qe3 Qh5 41.
Kh2 h3 42. Bh1 Qh4 43. Rg1 g6 44. Rg3 Kg7 45. Rdg1 Rh8 46. Ne2 Rh6 47. f4 f6
48. f5 g5 49. Bf3 Rh7 50. Bg4 1-0

[Event "C.to Italiano Semifinale"]
[Site "Limone Piemonte ITA"]
[Date "2001.06.26"]
[Round "3"]
[White "Miatello, Alberto"]
[Black "Petruccioli, Antonio"]
[Result "0-1"]
[WhiteElo "1869"]
[BlackElo "2097"]
[PlyCount "136"]
[EventDate "2001.06.24"]

1. e4 c5 2. Nf3 a6 3. c3 d5 4. exd5 Qxd5 5. d4 Bg4 6. Be2 Nc6 7. Be3 cxd4 8.
cxd4 e6 9. Nc3 Bb4 10. O-O Qa5 11. Qb3 Nge7 12. a3 Bxc3 13. bxc3 O-O 14. c4
Rfd8 15. Rfd1 Rd7 16. d5 exd5 17. Bb6 dxc4 18. Bxc4 Rxd1+ 19. Rxd1 Qh5 20. Rd3
Rc8 21. Nd2 Ne5 22. Rd8+ Rxd8 23. Bxd8 N7c6 24. Bc7 Nxc4 25. Qxb7 h6 26. Nxc4
Qc5 27. h3 Be2 28. Ne3 Qb5 29. Qc8+ Kh7 30. Qf5+ Qxf5 31. Nxf5 Kg6 32. Nd6 Bd3
33. f4 f5 34. Kf2 Kf6 35. Ne8+ Kf7 36. Nd6+ Ke6 37. Nb7 Kd5 38. Bd6 g6 39. Bf8
h5 40. Nd6 Nd8 41. Nc8 Ke4 42. g3 Ne6 43. Bh6 Bb5 44. Ne7 Be8 45. Ng8 Kd3 46.
Nf6 Bc6 47. Nh7 Nc5 48. Nf6 Kd2 49. g4 h4 50. gxf5 gxf5 51. Bg5 Nd3+ 52. Kf1
Ke3 53. Bxh4 Kxf4 54. Ke2 Nb2 55. Nh5+ Ke4 56. Be7 Bb5+ 57. Kf2 Nd3+ 58. Kg3
f4+ 59. Kh4 Ne5 60. Nf6+ Kf5 61. Kh5 Be2+ 62. Kh6 Ke6 63. Ng8 Kf7 64. Kg5 Kxg8
65. Bc5 f3 66. Kf5 Nd3 67. Be3 f2 68. Bxf2 Nxf2 0-1

[Event "C.to Italiano Semifinale"]
[Site "Limone Piemonte ITA"]
[Date "2001.06.26"]
[Round "3"]
[White "Modena, Giorgio"]
[Black "Barlocco, Carlo"]
[Result "0-1"]
[WhiteElo "1765"]
[BlackElo "2159"]
[PlyCount "110"]
[EventDate "2001.06.24"]

1. e4 c5 2. Nf3 d6 3. d4 cxd4 4. Nxd4 Nf6 5. Nc3 g6 6. Be3 Bg7 7. f3 O-O 8. Bc4
Nc6 9. Qd2 Bd7 10. Nd5 Ne5 11. Nxf6+ Bxf6 12. Be2 Rc8 13. c3 Nc4 14. Bxc4 Rxc4
15. O-O b5 16. a3 a5 17. Rac1 Qb8 18. Bg5 Bxg5 19. Qxg5 e5 20. Ne2 Be6 21. Rcd1
b4 22. axb4 axb4 23. Rd2 bxc3 24. Nxc3 Qb6+ 25. Rff2 f6 26. Qh4 d5 27. h3 d4
28. Nd1 Rc1 29. Rf1 Qb4 30. Qf2 Bc4 31. Re1 Ra8 32. f4 Raa1 33. fxe5 fxe5 34.
Qf6 Qb8 35. Kh2 Bb3 36. Qf3 Ra7 37. Rd3 Bc4 38. Ra3 Rf7 39. Qg3 Rc2 40. Rf3
Rxf3 41. Qxf3 Qf8 42. Kg3 Kg7 43. Qxf8+ Kxf8 44. Kf3 Rc1 45. g4 Ke7 46. g5 Kd6
47. Rh1 Kc5 48. Nf2 Rxh1 49. Nxh1 Kb4 50. Nf2 Kb3 51. Ng4 d3 52. Ne3 d2 53. Nd1
Kc2 54. Ne3+ Kc1 55. Nxc4 d1=Q+ 0-1

[Event "C.to Italiano Semifinale"]
[Site "Limone Piemonte ITA"]
[Date "2001.06.26"]
[Round "3"]
[White "Opacic, Alexandar"]
[Black "Ausmins, Elmar"]
[Result "1/2-1/2"]
[WhiteElo "1921"]
[BlackElo "2365"]
[PlyCount "62"]
[EventDate "2001.06.24"]

1. e4 c5 2. Nf3 d6 3. d4 cxd4 4. Nxd4 Nf6 5. Nc3 Nc6 6. Bg5 e6 7. Qd2 Be7 8.
O-O-O a6 9. f4 Nxd4 10. Qxd4 Qa5 11. e5 dxe5 12. fxe5 O-O 13. Bd3 Nd5 14. Bxe7
Nxe7 15. Bxh7+ Kxh7 16. Qh4+ Kg8 17. Qxe7 Qxe5 18. Rd8 Rxd8 19. Qxd8+ Kh7 20.
Qh4+ Kg6 21. Rf1 f6 22. Qh8 Kf7 23. Rd1 Qg5+ 24. Kb1 e5 25. h4 Qxg2 26. Rd8
Qh1+ 27. Nd1 Qc6 28. h5 Bf5 29. Qg8+ Ke7 30. Qf8+ Ke6 31. Qg8+ Ke7 1/2-1/2

[Event "C.to Italiano Semifinale"]
[Site "Limone Piemonte ITA"]
[Date "2001.06.26"]
[Round "3"]
[White "Rettore, Ludwig"]
[Black "Gardon, Ermanno"]
[Result "1-0"]
[WhiteElo "2134"]
[BlackElo "2082"]
[PlyCount "55"]
[EventDate "2001.06.24"]

1. e4 c5 2. Nf3 e6 3. d4 cxd4 4. Nxd4 Nf6 5. Nc3 Nc6 6. Ndb5 Bc5 7. Nd6+ Ke7 8.
Nxc8+ Rxc8 9. Be2 Qc7 10. O-O h6 11. Kh1 d6 12. f3 a6 13. Qe1 Bd4 14. Bd2 g5
15. g3 Rcg8 16. f4 Kd8 17. f5 Kc8 18. fxe6 fxe6 19. Bc4 Qe7 20. b4 Ne5 21. Qe2
b5 22. Bd3 Rf8 23. a4 Nfg4 24. axb5 Rxf1+ 25. Rxf1 Rf8 26. Nd1 Rxf1+ 27. Qxf1
axb5 28. Bxb5 1-0

[Event "C.to Italiano Semifinale"]
[Site "Limone Piemonte ITA"]
[Date "2001.06.26"]
[Round "3"]
[White "Rossato, Armando"]
[Black "Camerini, Lorenzo"]
[Result "1-0"]
[WhiteElo "2203"]
[BlackElo "1834"]
[PlyCount "37"]
[EventDate "2001.06.24"]

1. d4 Nf6 2. Nc3 g6 3. e4 d6 4. h4 c6 5. Be2 h5 6. Nh3 Bxh3 7. Rxh3 b5 8. a3
Nbd7 9. Bg5 a5 10. Re3 Nh7 11. d5 b4 12. dxc6 bxc3 13. cxd7+ Qxd7 14. a4 Rb8
15. Qd4 Rg8 16. Qxc3 Bg7 17. Qxa5 Kf8 18. Bb5 Qe6 19. Qc7 1-0

[Event "C.to Italiano Semifinale"]
[Site "Limone Piemonte ITA"]
[Date "2001.06.26"]
[Round "3"]
[White "Scalcione, Michelangelo"]
[Black "Costantini, Roberto"]
[Result "0-1"]
[WhiteElo "2177"]
[BlackElo "2268"]
[PlyCount "102"]
[EventDate "2001.06.24"]

1. Nf3 Nf6 2. c4 e6 3. Nc3 d5 4. d4 Be7 5. Bg5 O-O 6. e3 h6 7. Bh4 b6 8. cxd5
Nxd5 9. Bxe7 Qxe7 10. Be2 Bb7 11. O-O Nd7 12. Rc1 c5 13. Qa4 cxd4 14. Nxd4 Ne5
15. Nxd5 Bxd5 16. f4 Nd7 17. Rc7 Nc5 18. Rxe7 Nxa4 19. Rc1 Rac8 20. Rxc8 Rxc8
21. b3 Nc3 22. Ba6 Ra8 23. a4 Nd1 24. f5 exf5 25. Rd7 Nxe3 26. Kf2 Ng4+ 27. Kg3
Nf6 28. Rc7 f4+ 29. Kxf4 Bxg2 30. Bc4 Nd5+ 31. Bxd5 Bxd5 32. Ke5 Bg2 33. Nb5
Re8+ 34. Kf4 Bd5 35. Nd6 Rd8 36. Nf5 Bxb3 37. Rxa7 g6 38. Ne7+ Kf8 39. Nc6 Rd6
40. Ra8+ Kg7 41. Ne7 Rd4+ 42. Ke5 Rxa4 43. Rg8+ Kh7 44. Rb8 Ra5+ 45. Kf6 Ra6
46. Ke5 Bc4 47. Ng8 Kg7 48. Nf6 Ra5+ 49. Kd4 Kxf6 50. Kxc4 b5+ 51. Kb4 Ra2 0-1

[Event "C.to Italiano Semifinale"]
[Site "Limone Piemonte ITA"]
[Date "2001.06.26"]
[Round "3"]
[White "Stroppa, Daniel"]
[Black "Piscopo, Pierluigi"]
[Result "0-1"]
[WhiteElo "2161"]
[BlackElo "2212"]
[PlyCount "110"]
[EventDate "2001.06.24"]

1. d4 g6 2. e4 Bg7 3. Nf3 c5 4. d5 d6 5. Be2 Nf6 6. Nc3 O-O 7. O-O e6 8. Nd2
exd5 9. exd5 Na6 10. Nc4 Nc7 11. a4 b6 12. Bg5 Ba6 13. Ne3 Bxe2 14. Qxe2 Re8
15. Qf3 h6 16. Bh4 Qe7 17. Rae1 g5 18. Bg3 Nd7 19. Qd1 Ne5 20. Ne4 Qd7 21. f4
Ng6 22. Ng4 Rxe4 23. Rxe4 f5 24. Re6 Nxe6 25. dxe6 Qxe6 26. Re1 Qf7 27. Nxh6+
Bxh6 28. Qxd6 Re8 29. Rxe8+ Qxe8 30. Qd5+ Qf7 31. Qd8+ Qf8 32. Qd5+ Qf7 33.
Qd8+ Qf8 34. Qd5+ Kh7 35. Qd7+ Qe7 36. Qxf5 gxf4 37. Bf2 Qe5 38. Qd7+ Qe7 39.
Qd3 Qe5 40. h4 Bg7 41. c3 Kh6 42. Qd7 a5 43. Qc6 Qf6 44. Qb7 Ne5 45. Qe4 Ng4
46. Be1 Qe5 47. Qxe5 Bxe5 48. Kf1 Kg6 49. Ke2 Kf5 50. Kf3 Nh2+ 51. Ke2 Ke4 52.
Bf2 Ng4 53. Be1 Ne3 54. h5 Nxg2 55. h6 Nxe1 0-1

[Event "C.to Italiano Semifinale"]
[Site "Limone Piemonte ITA"]
[Date "2001.06.26"]
[Round "3"]
[White "Tatai, Stefano"]
[Black "Astengo, Corrado"]
[Result "1-0"]
[WhiteElo "2352"]
[BlackElo "2115"]
[PlyCount "109"]
[EventDate "2001.06.24"]

1. e4 c5 2. Nf3 d6 3. d4 cxd4 4. Nxd4 Nf6 5. Nc3 a6 6. Bg5 e6 7. f4 Qc7 8. f5
Nc6 9. fxe6 fxe6 10. Bc4 Nxd4 11. Qxd4 Be7 12. Bb3 Qc5 13. Qxc5 dxc5 14. e5 Ng4
15. Bxe7 Kxe7 16. Na4 Nxe5 17. Nxc5 b6 18. Na4 Rb8 19. O-O Bd7 20. Rfe1 Nc6 21.
Rad1 Na5 22. Nc3 Nxb3 23. axb3 Bc6 24. Ne2 Rbd8 25. Nd4 Bd7 26. Nf5+ Kf6 27.
Nd6 Ke7 28. Nc4 Rb8 29. Ne5 Rb7 30. Rd3 Rc8 31. Rg3 Rg8 32. Rge3 Bc8 33. Nc6+
Kf7 34. Rd1 Bd7 35. Rf1+ Ke8 36. Nd4 Rf8 37. Rxf8+ Kxf8 38. Nxe6+ Bxe6 39. Rxe6
Kf7 40. Rc6 Ke7 41. Kf2 Kd7 42. Rc4 Rb8 43. Rh4 h6 44. Rg4 g5 45. h4 Rf8+ 46.
Ke3 gxh4 47. Rxh4 Rf6 48. Rd4+ Kc7 49. g4 Kb7 50. b4 Re6+ 51. Re4 Rc6 52. Re7+
Kb8 53. c3 Rf6 54. Ke4 Rf2 55. Kd5 1-0

[Event "C.to Italiano Semifinale"]
[Site "Limone Piemonte ITA"]
[Date "2001.06.26"]
[Round "3"]
[White "Vezzosi, Paolo"]
[Black "Artizzu, Giulio"]
[Result "1-0"]
[WhiteElo "2423"]
[BlackElo "2098"]
[PlyCount "165"]
[EventDate "2001.06.24"]

1. d4 Nf6 2. c4 c5 3. d5 e6 4. Nc3 exd5 5. cxd5 d6 6. e4 g6 7. Nf3 Bg7 8. Nd2
O-O 9. Be2 Na6 10. O-O Nc7 11. Re1 Re8 12. a4 b6 13. Ra3 Rb8 14. Bb5 Bd7 15.
Nc4 a6 16. Bxd7 Qxd7 17. Bf4 Bf8 18. Bg5 Ng4 19. h3 Nxf2 20. Kxf2 b5 21. axb5
axb5 22. Ne3 b4 23. Ng4 Bg7 24. Ra7 f5 25. Qa4 Qf7 26. Nh6+ Bxh6 27. Bxh6 bxc3
28. bxc3 fxe4+ 29. Kg1 e3 30. Rxe3 Rxe3 31. Bxe3 Qe8 32. Qxe8+ Rxe8 33. Bf4
Nxd5 34. Bxd6 Nxc3 35. Bxc5 Ne2+ 36. Kh2 Nf4 37. Bd6 Ne6 38. Be5 h5 39. Kg3 Kf8
40. Kf3 Ng5+ 41. Kf4 Nf7 42. Bd4 Rd8 43. Bf6 Re8 44. Ra6 Re2 45. Ra8+ Re8 46.
Bg7+ Ke7 47. Ra7+ Ke6 48. Ra6+ Nd6 49. Kg5 Kd5 50. Ra5+ Kc4 51. Kxg6 Re2 52. g4
hxg4 53. hxg4 Rg2 54. g5 Ne4 55. Bf6 Nxg5 56. Bxg5 Kd4 57. Kf5 Kc4 58. Bf4 Kd4
59. Be5+ Kd3 60. Ra4 Rf2+ 61. Ke6 Rf8 62. Kd5 Rc8 63. Ra3+ Kd2 64. Ke4 Rc4+ 65.
Bd4 Rc2 66. Rh3 Ke2 67. Bc3 Kf1 68. Kd3 Rg2 69. Bd4 Ra2 70. Be3 Kg2 71. Rh6 Kf3
72. Rf6+ Kg2 73. Ke4 Ra4+ 74. Bd4 Ra3 75. Rf2+ Kg3 76. Rf1 Kg4 77. Rf8 Ra5 78.
Rf7 Rb5 79. Rf1 Rb3 80. Bc5 Rc3 81. Be3 Kh5 82. Kf5 Kh4 83. Rf3 1-0

[Event "C.to Italiano Semifinale"]
[Site "Limone Piemonte ITA"]
[Date "2001.06.26"]
[Round "3"]
[White "Vismara, Daniele"]
[Black "Laco, Giuseppe"]
[Result "1/2-1/2"]
[WhiteElo "2231"]
[BlackElo "2186"]
[PlyCount "97"]
[EventDate "2001.06.24"]

1. Nf3 c5 2. c4 b6 3. g3 Bb7 4. Bg2 e5 5. d3 g6 6. Nc3 Bg7 7. O-O Ne7 8. Ne1
Bxg2 9. Nxg2 O-O 10. e4 Nbc6 11. a3 d6 12. Ne3 Nd4 13. Ned5 Nec6 14. b4 Qd7 15.
Kg2 f5 16. f3 Ne6 17. Ne2 f4 18. g4 Ncd4 19. Nxd4 exd4 20. b5 h5 21. h3 Be5 22.
a4 Ng5 23. Rh1 Kg7 24. a5 bxa5 25. Rxa5 Rab8 26. Bd2 Rb7 27. Qa4 Ne6 28. b6
Qxa4 29. Rxa4 axb6 30. Rb1 hxg4 31. hxg4 g5 32. Ra6 Rfb8 33. Raxb6 Rxb6 34.
Rxb6 Rxb6 35. Nxb6 Nd8 36. Kf1 Nc6 37. Ke2 Kf7 38. Kd1 Bf6 39. Nd5 Bd8 40. Ke2
Ne5 41. Be1 Ke8 42. Bd2 Kd7 43. Be1 Kc6 44. Bd2 Kb7 45. Be1 Ka6 46. Bd2 Ka7 47.
Be1 Kb7 48. Bd2 Ka6 49. Be1 1/2-1/2

[Event "C.to Italiano Semifinale"]
[Site "Limone Piemonte ITA"]
[Date "2001.06.27"]
[Round "4"]
[White "Artizzu, Giulio"]
[Black "Scuderi, David"]
[Result "1-0"]
[WhiteElo "2098"]
[BlackElo "1702"]
[PlyCount "63"]
[EventDate "2001.06.24"]

1. e4 e6 2. d4 d5 3. Nc3 Bb4 4. e5 c5 5. a3 Bxc3+ 6. bxc3 Qc7 7. Qg4 Ne7 8.
Qxg7 Rg8 9. Qxh7 cxd4 10. Ne2 dxc3 11. Bf4 Nbc6 12. Ng3 Rf8 13. Nh5 Ng6 14.
Nf6+ Ke7 15. Bg3 Bd7 16. Bb5 Nd4 17. Nxd7 Rh8 18. Qg7 Nxb5 19. Nf6 Nd4 20. O-O
Nf5 21. Nxd5+ exd5 22. Qf6+ Kf8 23. Qxf5 Qe7 24. f4 Re8 25. Rae1 Qxa3 26. e6
Qc5+ 27. Bf2 Qe7 28. exf7 Qxf7 29. Rxe8+ Kxe8 30. Qc8+ Ke7 31. Bc5+ Kf6 32.
Bd4+ 1-0

[Event "C.to Italiano Semifinale"]
[Site "Limone Piemonte ITA"]
[Date "2001.06.27"]
[Round "4"]
[White "Ausmins, Elmar"]
[Black "Astengo, Corrado"]
[Result "0-1"]
[WhiteElo "2365"]
[BlackElo "2115"]
[PlyCount "94"]
[EventDate "2001.06.24"]

1. d4 d5 2. c4 c6 3. Nc3 Nf6 4. cxd5 cxd5 5. Bf4 Nc6 6. e3 a6 7. Bd3 e6 8. Rc1
Be7 9. Nf3 O-O 10. h3 b5 11. O-O Bb7 12. Bb1 Rc8 13. a3 h6 14. Nd2 Na5 15. Be5
Nd7 16. Bf4 Nf6 17. Qf3 Qd7 18. Rcd1 Nc4 19. Nxc4 bxc4 20. g4 Ne8 21. h4 Bxh4
22. Kg2 Qe7 23. Rh1 Bg5 24. Bxg5 Qxg5 25. Rh5 Qe7 26. g5 g6 27. gxh6 gxh5 28.
Rg1 Kh8 29. Kf1 Rg8 30. Rxg8+ Kxg8 31. Ne2 Kh8 32. Nf4 Nf6 33. Qg3 Rg8 34. Qh4
Rg4 35. Qh2 c3 36. h7 Ne4 37. Bd3 Qg5 38. Nh3 Qd8 39. Qe5+ Rg7 40. Nf4 Qg5 41.
Qb8+ Kxh7 42. Bxe4+ dxe4 43. Qxb7 f5 44. Qb3 Qg1+ 45. Ke2 Qg4+ 46. Ke1 Qf3 47.
Kf1 cxb2 0-1

[Event "C.to Italiano Semifinale"]
[Site "Limone Piemonte ITA"]
[Date "2001.06.27"]
[Round "4"]
[White "Barlocco, Carlo"]
[Black "Genocchio, Daniele"]
[Result "0-1"]
[WhiteElo "2159"]
[BlackElo "2278"]
[PlyCount "120"]
[EventDate "2001.06.24"]

1. d4 d6 2. Nf3 g6 3. Bf4 Bg7 4. e3 Nd7 5. h3 e5 6. Bh2 Ne7 7. Be2 O-O 8. O-O
h6 9. c4 a5 10. Nc3 Re8 11. dxe5 Nxe5 12. Nxe5 dxe5 13. Nb5 Bd7 14. Qb3 Qc8 15.
Rac1 Nc6 16. Bf3 e4 17. Be2 Ne5 18. Qc2 Bxh3 19. Qxe4 Bg4 20. Qc2 Re7 21. Rfd1
h5 22. Rd2 Bxe2 23. Rxe2 Qg4 24. Bxe5 Bxe5 25. Rd2 Qh4 26. g3 Bxg3 27. fxg3
Qxg3+ 28. Rg2 Qxe3+ 29. Kh1 Re4 30. Rf1 Rd8 31. Qf2 Qh3+ 32. Rh2 Qd7 33. b3 Re5
34. Nc3 c6 35. Rg2 Rde8 36. Nd1 R8e7 37. Qf3 Qd4 38. Qf2 Qd3 39. Qf3 Qd4 40.
Qf2 Qd3 41. Qf3 Qd6 42. Qf6 R5e6 43. Qf4 Qd3 44. Rd2 Qh3+ 45. Rh2 Qxf1+ 46.
Qxf1 Re1 47. Kg1 f5 48. Nb2 Kg7 49. Qxe1 Rxe1+ 50. Kf2 Ra1 51. Kg3 Rxa2 52. Kf4
Kf6 53. Rd2 g5+ 54. Kf3 Ra3 55. Rd6+ Ke5 56. c5 g4+ 57. Kg3 Rxb3+ 58. Nd3+ Ke4
59. Kh4 Rxd3 60. Kxh5 g3 0-1

[Event "C.to Italiano Semifinale"]
[Site "Limone Piemonte ITA"]
[Date "2001.06.27"]
[Round "4"]
[White "Camerini, Lorenzo"]
[Black "Basciu, Simone"]
[Result "1/2-1/2"]
[WhiteElo "1834"]
[BlackElo "2157"]
[PlyCount "59"]
[EventDate "2001.06.24"]

1. e4 c5 2. Nc3 Nc6 3. Nge2 g6 4. d4 cxd4 5. Nxd4 Bg7 6. Be3 d6 7. Qd2 Nf6 8.
f3 O-O 9. Bc4 Bd7 10. O-O-O Rc8 11. Bb3 Na5 12. h4 Nc4 13. Bxc4 Rxc4 14. h5
Nxh5 15. g4 Nf6 16. Bh6 Nxe4 17. Qe3 Rxc3 18. bxc3 Nf6 19. Bxg7 Kxg7 20. Qh6+
Kh8 21. Ne2 Rg8 22. g5 Nh5 23. Nf4 Rg7 24. Nxh5 gxh5 25. Qxh5 Qa5 26. Rhe1 Qxc3
27. Rxe7 Qa1+ 28. Kd2 Qd4+ 29. Kc1 Qa1+ 30. Kd2 1/2-1/2

[Event "C.to Italiano Semifinale"]
[Site "Limone Piemonte ITA"]
[Date "2001.06.27"]
[Round "4"]
[White "Capece, Adolivio"]
[Black "Rettore, Ludwig"]
[Result "1/2-1/2"]
[WhiteElo "2075"]
[BlackElo "2134"]
[PlyCount "31"]
[EventDate "2001.06.24"]

1. Nf3 d5 2. c4 e6 3. g3 Nf6 4. Bg2 Nbd7 5. cxd5 exd5 6. O-O c6 7. d4 Bd6 8.
Nc3 O-O 9. Qc2 Re8 10. Nd2 Nf8 11. e4 Ne6 12. exd5 cxd5 13. Nb3 Bc7 14. Be3 Bb6
15. Rfd1 h6 16. Rac1 1/2-1/2

[Event "C.to Italiano Semifinale"]
[Site "Limone Piemonte ITA"]
[Date "2001.06.27"]
[Round "4"]
[White "Casarosa, Michele"]
[Black "Modena, Giorgio"]
[Result "0-1"]
[WhiteElo "1732"]
[BlackElo "1765"]
[PlyCount "98"]
[EventDate "2001.06.24"]

1. e4 e6 2. d4 d5 3. Nc3 Bb4 4. e5 c5 5. a3 Bxc3+ 6. bxc3 Qc7 7. Nf3 Nc6 8. Be2
Nge7 9. O-O cxd4 10. cxd4 Bd7 11. Be3 Na5 12. a4 Rc8 13. Bd3 g6 14. Bg5 h6 15.
Bf6 Rh7 16. h4 Ng8 17. h5 Nxf6 18. hxg6 Rg7 19. exf6 Rg8 20. g7 Qf4 21. Bh7
Qxf6 22. Bxg8 Qxg7 23. Bxf7+ Kxf7 24. Ne5+ Ke7 25. Re1 Nc4 26. Nxc4 Rxc4 27.
Re5 Qg6 28. Qh5 Qxh5 29. Rxh5 Rxd4 30. Rxh6 Rc4 31. Rh7+ Kd6 32. g3 d4 33. Rh4
e5 34. Rh2 Rxc2 35. f4 Rxh2 36. fxe5+ Kxe5 37. Kxh2 d3 38. Kg1 Bg4 39. Ra2 Kd4
40. Kf2 Be6 41. Ra3 b6 42. Kf3 a6 43. g4 b5 44. axb5 axb5 45. g5 b4 46. Ra7 b3
47. Kf2 b2 48. Rb7 Kc3 49. Ke3 d2 0-1

[Event "C.to Italiano Semifinale"]
[Site "Limone Piemonte ITA"]
[Date "2001.06.27"]
[Round "4"]
[White "Costantini, Roberto"]
[Black "Tatai, Stefano"]
[Result "0-1"]
[WhiteElo "2268"]
[BlackElo "2352"]
[PlyCount "80"]
[EventDate "2001.06.24"]

1. e4 e5 2. Nf3 Nc6 3. d4 exd4 4. Nxd4 Qf6 5. Be3 Bc5 6. c3 Nge7 7. g3 O-O 8.
Bg2 Bxd4 9. cxd4 d5 10. exd5 Nb4 11. Qb3 Qd6 12. Bf4 Qb6 13. O-O Nf5 14. Bxc7
Qxc7 15. Qxb4 a5 16. Qc5 Qd8 17. Rd1 Nd6 18. Nd2 b6 19. Qa3 Bf5 20. Rac1 b5 21.
Rc6 b4 22. Qe3 Bg4 23. Rdc1 Bc8 24. Qf4 Nb5 25. Nc4 Bd7 26. Rc5 f6 27. Nd6 g5
28. Qf3 Nxd6 29. Bf1 Bf5 30. Rc6 Be4 31. Qh5 Bxd5 32. Rc7 Rf7 33. R7c5 Be4 34.
Bh3 Bg6 35. Qf3 Be4 36. Qb3 Kg7 37. f3 a4 38. Qxb4 Bxf3 39. Qc3 g4 40. Bf1 Ne4
0-1

[Event "C.to Italiano Semifinale"]
[Site "Limone Piemonte ITA"]
[Date "2001.06.27"]
[Round "4"]
[White "Farina, Saverio"]
[Black "Gardon, Ermanno"]
[Result "1-0"]
[WhiteElo "2148"]
[BlackElo "2082"]
[PlyCount "137"]
[EventDate "2001.06.24"]

1. c4 Nf6 2. Nc3 g6 3. d4 c5 4. d5 e6 5. e4 d6 6. Nge2 exd5 7. exd5 Bg7 8. Ng3
O-O 9. Be2 Re8 10. O-O a6 11. a4 Nbd7 12. Bf4 Ne5 13. Qd2 Qc7 14. h3 h5 15. Bg5
Ned7 16. Rae1 Nh7 17. Bh6 Ndf6 18. Bxg7 Kxg7 19. Bd3 Bd7 20. b3 Qa5 21. Qb2 Kg8
22. Qa1 Qc7 23. Qb1 Rxe1 24. Rxe1 Re8 25. Rxe8+ Bxe8 26. Qe1 Kf8 27. Qe3 Qe7
28. Nce4 Bd7 29. Qf4 Ne8 30. a5 Kg7 31. h4 f5 32. Ng5 Nhf6 33. Qd2 Ng4 34. Qe2
Qxe2 35. Nxe2 Ne5 36. Bc2 Kf6 37. Nf4 Ng7 38. Kf1 Ng4 39. Ke2 Ne5 40. f3 Ke7
41. Kd2 Kd8 42. Kc3 Kc7 43. Nh7 Be8 44. b4 cxb4+ 45. Kxb4 Bf7 46. Ba4 b6 47.
Bb3 Kb7 48. Nf6 Kc7 49. Ba2 Kb7 50. Bb3 Kc7 51. Nh7 Kb7 52. Ng5 Be8 53. Ngh3
Bd7 54. Nf2 Ne8 55. N2d3 Nxd3+ 56. Nxd3 Nf6 57. axb6 Kxb6 58. Ba4 Bxa4 59. Kxa4
Nd7 60. Kb4 a5+ 61. Kc3 Ne5 62. c5+ Kc7 63. c6 a4 64. Nf4 Kb6 65. Kb4 a3 66.
Kxa3 Nc4+ 67. Kb4 Ne3 68. Kc3 Nd1+ 69. Kd4 1-0

[Event "C.to Italiano Semifinale"]
[Site "Limone Piemonte ITA"]
[Date "2001.06.27"]
[Round "4"]
[White "Iotti, Pierluigi"]
[Black "Rossato, Armando"]
[Result "0-1"]
[WhiteElo "2318"]
[BlackElo "2203"]
[PlyCount "72"]
[EventDate "2001.06.24"]

1. d4 d5 2. Nf3 Nc6 3. Bf4 Bg4 4. Nbd2 e6 5. e3 Bd6 6. Bxd6 cxd6 7. c3 f5 8.
Qb3 Qe7 9. c4 Nf6 10. cxd5 exd5 11. Bd3 Bxf3 12. Nxf3 g6 13. O-O O-O 14. Rac1
Rac8 15. Qa3 Rc7 16. Rc2 Rfc8 17. Rfc1 Kh8 18. b4 a6 19. Qb3 Nd7 20. a4 Nb6 21.
a5 Nd7 22. h3 Nf6 23. Qa4 Na7 24. Nd2 Kg7 25. Nb1 Ne4 26. Qb3 Rxc2 27. Rxc2 Nc6
28. Qa4 f4 29. exf4 Rf8 30. b5 axb5 31. Bxb5 Rxf4 32. Bxc6 Nxf2 33. Rxf2 Qe1+
34. Kh2 Rxf2 35. Bxd5 Rf1 36. g3 Qf2+ 0-1

[Event "C.to Italiano Semifinale"]
[Site "Limone Piemonte ITA"]
[Date "2001.06.27"]
[Round "4"]
[White "Laco, Giuseppe"]
[Black "Martorelli, Antonio"]
[Result "1/2-1/2"]
[WhiteElo "2186"]
[BlackElo "2315"]
[PlyCount "52"]
[EventDate "2001.06.24"]

1. c4 g6 2. e4 Bg7 3. h4 Nc6 4. h5 Nf6 5. h6 Bf8 6. d4 e5 7. d5 Nd4 8. Nc3 d6
9. Nge2 Nxe2 10. Bxe2 Be7 11. Be3 O-O 12. g4 c6 13. f3 Nd7 14. Qd2 a5 15. O-O-O
a4 16. Kb1 Qa5 17. Rdg1 Nc5 18. Qc2 Bd7 19. f4 Rfb8 20. Rd1 f6 21. f5 g5 22.
Rdf1 Bd8 23. Qd2 b5 24. dxc6 b4 25. Qd5+ Kf8 26. Nb5 Be8 1/2-1/2

[Event "C.to Italiano Semifinale"]
[Site "Limone Piemonte ITA"]
[Date "2001.06.27"]
[Round "4"]
[White "Manzardo, Bruno"]
[Black "Brignone, Roberto"]
[Result "1/2-1/2"]
[WhiteElo "2005"]
[BlackElo "2171"]
[PlyCount "69"]
[EventDate "2001.06.24"]

1. c4 Nf6 2. Nc3 d5 3. cxd5 Nxd5 4. Nf3 g6 5. g3 Bg7 6. Bg2 O-O 7. O-O c5 8.
Qa4 Bd7 9. Qc4 Bc6 10. Qxc5 Na6 11. Qc4 Rc8 12. Nxd5 Bxd5 13. Qa4 Qb6 14. Ne1
Nc5 15. Qa3 Ne4 16. Nd3 Rfd8 17. Nb4 e6 18. d3 Nf6 19. Be3 Qb5 20. Nxd5 Nxd5
21. Bxd5 exd5 22. Rab1 Rc2 23. Rfe1 a6 24. b4 Rdc8 25. Rec1 Qd7 26. Rxc2 Rxc2
27. Re1 Qc6 28. Rc1 a5 29. Rxc2 Qxc2 30. Qc1 Qxe2 31. Qc8+ Bf8 32. Bh6 Qe1+ 33.
Kg2 Qxb4 34. Bxf8 Qxf8 35. Qxb7 1/2-1/2

[Event "C.to Italiano Semifinale"]
[Site "Limone Piemonte ITA"]
[Date "2001.06.27"]
[Round "4"]
[White "Parrella, Alfredo"]
[Black "Scarenzio, Renato"]
[Result "1/2-1/2"]
[WhiteElo "2174"]
[BlackElo "2107"]
[PlyCount "44"]
[EventDate "2001.06.24"]

1. e4 c6 2. d4 d5 3. Nc3 dxe4 4. Nxe4 Nd7 5. Ng5 Ngf6 6. Bd3 e6 7. N1f3 Bd6 8.
Qe2 h6 9. Ne4 Nxe4 10. Qxe4 Nf6 11. Qe2 c5 12. dxc5 Qa5+ 13. Bd2 Qxc5 14. O-O
O-O 15. Bc3 Nd5 16. Be5 Rd8 17. Rad1 Bxe5 18. Nxe5 f6 19. Ng6 Bd7 20. Bc4 Kh7
21. Bd3 Kg8 22. Bc4 Kh7 1/2-1/2

[Event "C.to Italiano Semifinale"]
[Site "Limone Piemonte ITA"]
[Date "2001.06.27"]
[Round "4"]
[White "Piscopo, Pierluigi"]
[Black "Buchicchio, Giampaolo"]
[Result "1-0"]
[WhiteElo "2212"]
[BlackElo "2191"]
[PlyCount "57"]
[EventDate "2001.06.24"]

1. e4 c5 2. Nf3 Nc6 3. Nc3 Nf6 4. Bb5 Nd4 5. Ba4 b5 6. Nxd4 bxa4 7. Nf3 d6 8.
O-O e5 9. d3 Bd7 10. Nd2 g5 11. Nc4 Rg8 12. Bd2 Bc6 13. b3 axb3 14. axb3 Be7
15. Ra3 Qc7 16. Qa1 Nd7 17. Na5 a6 18. Nxc6 Qxc6 19. Qa2 Ra7 20. Ra1 Nb8 21.
Nd5 Rb7 22. b4 h6 23. Rb3 Kd7 24. Rab1 cxb4 25. Bxb4 Re8 26. Ba5 Rb5 27. c4
Rxb3 28. Rxb3 Rc8 29. Nb6+ 1-0

[Event "C.to Italiano Semifinale"]
[Site "Limone Piemonte ITA"]
[Date "2001.06.27"]
[Round "4"]
[White "Sbarra, Marco"]
[Black "Opacic, Alexandar"]
[Result "1/2-1/2"]
[WhiteElo "2303"]
[BlackElo "1921"]
[PlyCount "83"]
[EventDate "2001.06.24"]

1. d4 d5 2. c4 c6 3. Nc3 Nf6 4. e3 e6 5. Nf3 Nbd7 6. Qc2 Bd6 7. e4 Nxe4 8. Nxe4
dxe4 9. Qxe4 Qa5+ 10. Bd2 Bb4 11. Bd3 Nf6 12. Qe2 O-O 13. O-O Bxd2 14. Nxd2 Bd7
15. a3 Rfe8 16. Rfe1 Qc7 17. Qe5 Rac8 18. b4 Red8 19. Nb3 Be8 20. Qxc7 Rxc7 21.
Bf1 g6 22. g3 b6 23. Bg2 c5 24. bxc5 bxc5 25. dxc5 Rd3 26. Na5 Rxc5 27. Nb7 Rc7
28. c5 Bc6 29. Bxc6 Rxc6 30. Red1 Rxd1+ 31. Rxd1 Rc7 32. Rb1 Kf8 33. Nd6 Ke7
34. Rb8 Rxc5 35. Nc8+ Kd7 36. Nxa7 Ne4 37. Rb2 Nd6 38. a4 Ra5 39. Nb5 Rxa4 40.
Nxd6 Kxd6 41. Rb7 f5 42. Rxh7 1/2-1/2